| 000 | 00739 a2200193 4500 | ||
|---|---|---|---|
| 001 | 135085 | ||
| 003 | OSt | ||
| 005 | 20211213121409.0 | ||
| 008 | |||
| 020 | _a9788171780846 | ||
| 041 | _aHindi | ||
| 082 |
_a330.954 _bS23P |
||
| 100 | 1 | _aशर्मा, रामशरण | |
| 245 | 1 |
_aप्राचीन भारत में भौतिक प्रगति एवं सामाजिक संरचनाऍं _cby रामशरण शर्मा |
|
| 260 |
_aनई दिल्ली _bराजकमल प्रकाशन _c2011 |
||
| 300 | _a283p. | ||
| 690 | _aEconomic development; Women--Social conditions; India; Economic history; Social conditions | ||
| 942 |
_2ddc _cBK |
||
| 999 |
_c8540 _d8540 |
||